Statistics for NHL 2017-18 Top Players by Team

Click here to take the quiz!

General Stats

  • This quiz has been taken 55 times
  • The average score is 19 of 31

Answer Stats

TeamPlayer% Correct
Tampa Bay LightningNikita Kucherov
90%
Washington CapitalsAlex Ovechkin
90%
Pittsburgh PenguinsEvgeni Malkin
90%
Boston BruinsBrad Marchand
88%
Vegas Golden KnightsWilliam Karlsson
82%
Dallas StarsJamie Benn
80%
Winnipeg JetsBlake Wheeler
80%
Nashville PredatorsFilip Forsberg
76%
Toronto Maple LeafsMitchell Marner
76%
Chicago BlackhawksPatrick Kane
76%
Edmonton OilersConnor McDavid
76%
Colorado AvalancheNathan MacKinnon
73%
New Jersey DevilsTaylor Hall
69%
Los Angeles KingsAnze Kopitar
67%
Buffalo SabresJack Eichel
63%
Minnesota WildEric Staal
59%
San Jose SharksBrent Burns
57%
Calgary FlamesJohnny Gaudreau
57%
Detroit Red WingsDylan Larkin
57%
Florida PanthersAleksander Barkov
55%
Columbus Blue JacketsArtemi Panarin
51%
New York IslandersMathew Barzal
51%
Carolina HurricaneSebastian Aho
47%
Anaheim DucksRichard Rakell
45%
Vancouver CanucksBrock Boeser
45%
St. Louis BluesBrayden Schenn
39%
New York RangersMats Zuccarello
39%
Ottawa SenatorsMark Stone
35%
Montreal CanadiensBrendan Gallagher
31%
Arizona CoyotesClayton Keller
29%
Philadelphia FlyersClaude Giroux
12%

Score Distribution

Percentile by Number Answered

Percent of People with Each Score

Your Score History

You have not taken this quiz